000 02292nam a2200541 i 4500
001 30230
003 KOSZ 005
005 20200803120428.0
008 980702s1994 pl a f |000 0 pol
015 _aUWD 1996/7339
035 _a991004104419705066
035 _a(PL-WaBN)b11089751-48omnis_nlop
035 _ab11089751
035 _a(OCoLC)835228701
035 _a(PL)b0000001108975
035 _a(EXLNZ-48OMNIS_NETWORK)9910365958905606
040 _aWA N
_cWA N
_dKOSZ 005/EG
080 _a504.05
080 _a551
080 _a(438)
245 0 0 _aZintegrowany monitoring środowiska przyrodniczego =
_bIntegrated monitoring of the natural environment : Stacja Bazowa Św. Krzyż : wybrane zagadnienia przyrodnicze i techniczne = Basal Station Św. Krzyż = selected natural and technical problems /
_cred. Alojzy Kowalkowski ; Państwowa Inspekcja Ochrony Środowiska, Wyższa Szkoła Pedagogiczna w Kielcach. Zakład Geografii Gleb i Ochrony Przyrody. Stacja Geoekologiczna.
260 _aWarszawa :
_bPIOŚ,
_c1994.
300 _a[4], 93, [1] s., [2] s. fot. kolor. :
_bmapy, rys., wykr. ;
_c24 cm.
336 _aTekst
_btxt
_2rdacontent
337 _aBez urządzenia pośredniczącego
_bn
_2rdamedia
338 _aWolumin
_bnc
_2rdacarrier
380 _aKsiążki
388 _a1901-2000
388 _a1989-2000
490 1 _aBiblioteka Monitoringu Środowiska
504 _aBibliogr. przy pracach.
610 2 7 _aStacja Geoekologiczna Monitoringu Zintegrowanego Góra Malik (Malik)
_2DBN
610 2 7 _aStacja Geoekologiczna Monitoringu Zintegrowanego Święty Krzyż (Łysa Góra)
_2DBN
650 7 _aDegradacja środowiska
_2DBN
650 7 _aGleba
_2DBN
650 7 _aMeteorologia
651 7 _aŁysa Góra
_2DBN
651 7 _aŁysogóry
_2DBN
651 7 _aMalik
_2DBN
651 7 _aPolska
_2DBN
658 _aOchrona środowiska
700 1 _aKowalkowski, Alojzy
_d(1924-2020)
_eRedakcja
710 2 _aPaństwowa Inspekcja Ochrony Środowiska
_4pbl
830 0 _aBiblioteka Monitoringu Środowiska
856 _uhttp://koha.tu.koszalin.pl/cgi-bin/koha/opac-detail.pl?biblionumber=30230
_yKatalog online BPK
942 _2UKD
_cKS
999 _c30230
_d30230